[Event "W-ch Disabled"]
[Site "Dresden"]
[Date "2013.10.27"]
[Round "6"]
[White "Meshkov, Ivan"]
[Black "Checiak, Krzysztof"]
[Result "1/2-1/2"]
[WhiteElo "2246"]
[BlackElo "2149"]
[PlyCount "95"]
[EventDate "2013.10.22"]
[EventType "swiss"]
[EventRounds "7"]
[EventCountry "GER"]
[SourceTitle "CBM 157 Extra"]
[Source "ChessBase"]
[SourceDate "2013.12.19"]
[SourceVersion "1"]
[SourceVersionDate "2013.12.19"]
[SourceQuality "1"]

1. g3 e5 2. c4 Nf6 3. Bg2 d5 4. cxd5 Nxd5 5. Nc3 Nb6 6. Nf3 Nc6 7. 0-0 Be6 8. d3 Be7 9. Be3 0-0 10. Ne4 f6 11. Nc5 Bxc5 12. Bxc5 Rf7 13. b4 Qd7 14. b5 Ne7 15. a4 Nbd5 16. e4 Nb6 17. d4 exd4 18. Nxd4 Bh3 19. Qb3 Bxg2 20. Kxg2 Ng6 21. Rad1 Qe8 22. Rfe1 Kh8 23. a5 Nd7 24. Ba3 Ndf8 25. a6 bxa6 26. bxa6 Rd7 27. Bc5 c6 28. f4 Rad8 29. Qc4 Ne6 30. Nxe6 Rxd1 31. Nxd8 Rxd8 32. Bxa7 Qd7 33. Bf2 Qg4 34. Kh1 Rd2 35. Qb3 h5 36. Qe3 Ra2 37. a7 h4 38. gxh4 c5 39. Bg3 Rxa7 40. Qf2 Ra3 41. e5 Rf3 42. Qg2 Nxf4 43. Bxf4 Qxf4 44. e6 Re3 45. Rxe3 Qxe3 46. Qa8+ Kh7 47. Qe8 Qe2 48. Kg1 1/2-1/2

[Event "DV FR-chT"]
[Site "Vladivostok"]
[Date "2007.10.05"]
[Round "7"]
[White "Meshkov, Ivan"]
[Black "Ivshin, Konstantin"]
[Result "1/2-1/2"]
[WhiteElo "2262"]
[BlackElo "2222"]
[PlyCount "51"]
[EventDate "2007.09.29"]
[EventType "team-tourn"]
[EventRounds "7"]
[EventCountry "RUS"]
[SourceTitle "EXT 2022"]
[Source "ChessBase"]
[SourceDate "2021.10.06"]
[SourceVersion "1"]
[SourceVersionDate "2021.10.06"]
[SourceQuality "1"]

1. e4 c5 2. Nf3 d6 3. d4 cxd4 4. Nxd4 Nf6 5. Nc3 g6 6. Be3 Bg7 7. f3 0-0 8. Qd2 Nc6 9. g4 Nd7 10. h4 Nde5 11. Be2 Na5 12. b3 Nac6 13. Nd5 e6 14. Nf4 Qa5 15. c3 Nxd4 16. cxd4 Qxd2+ 17. Kxd2 Nc6 18. Kd3 e5 19. dxe5 dxe5 20. Nd5 Rd8 21. Kc2 Nd4+ 22. Bxd4 exd4 23. Rac1 Be6 24. Bc4 Rab8 25. a4 Kf8 26. Kd3 1/2-1/2

[Event "DV FR-chT"]
[Site "Vladivostok"]
[Date "2007.10.01"]
[Round "3"]
[White "Prohodtcev, Pavel"]
[Black "Meshkov, Ivan"]
[Result "0-1"]
[WhiteElo "2185"]
[BlackElo "2262"]
[PlyCount "70"]
[EventDate "2007.09.29"]
[EventType "team-tourn"]
[EventRounds "7"]
[EventCountry "RUS"]
[SourceTitle "EXT 2022"]
[Source "ChessBase"]
[SourceDate "2021.10.06"]
[SourceVersion "1"]
[SourceVersionDate "2021.10.06"]
[SourceQuality "1"]

1. d4 Nf6 2. c4 g6 3. Nc3 Bg7 4. e4 d6 5. Be2 0-0 6. Nf3 e5 7. 0-0 Nc6 8. d5 Ne7 9. a4 Nh5 10. a5 h6 11. c5 Nf4 12. Bc4 Kh8 13. Be3 f5 14. Nd2 Nxg2 15. cxd6 cxd6 16. Kxg2 f4 17. Bxa7 Rxa7 18. Nb5 Ra8 19. Ra3 g5 20. Qh5 Ng8 21. Be2 Kh7 22. Kh1 Nf6 23. Qf3 g4 24. Qc3 f3 25. Bd3 Rf7 26. Nc4 Ne8 27. Nb6 Rb8 28. Qd2 h5 29. Nxc8 Bh6 30. Qc2 Bf4 31. Rg1 Bxh2 32. Rxg4 hxg4 33. Kxh2 Rxc8 34. Rc3 Qh4+ 35. Kg1 Kg6 0-1

[Event "Primorie-ch PL"]
[Site "Vladivostok"]
[Date "2006.??.??"]
[Round "6"]
[White "Tsigelnitskiy, Ilusha"]
[Black "Meshkov, Ivan"]
[Result "1-0"]
[WhiteElo "2419"]
[BlackElo "2269"]
[PlyCount "57"]
[EventDate "2006.12.02"]
[EventType "swiss"]
[EventRounds "9"]
[EventCountry "RUS"]
[SourceTitle "EXT 2019"]
[Source "ChessBase"]
[SourceDate "2018.10.10"]
[SourceVersion "1"]
[SourceVersionDate "2018.10.10"]
[SourceQuality "1"]

1. e4 c5 2. Nf3 a6 3. Nc3 b5 4. d4 e6 5. a4 b4 6. Ne2 Bb7 7. Ng3 Nf6 8. Bd3 Qc7 9. dxc5 Bxc5 10. Bg5 Ng4 11. 0-0 h6 12. Bd2 0-0 13. c3 Nc6 14. Nd4 bxc3 15. bxc3 Nge5 16. Be3 Nxd3 17. Qxd3 Ne5 18. Qe2 Ba7 19. Rab1 Rfb8 20. Qh5 Ng6 21. Rb3 Qe5 22. Qxe5 Nxe5 23. Bf4 f6 24. Rfb1 Bc8 25. Nf1 Rxb3 26. Rxb3 Rb8 27. Nd2 Rxb3 28. N4xb3 Ng4 29. g3 1-0